Statistics for SoCon College Football Teams

Click here to take the quiz!

General Stats

  • This quiz has been taken 51 times
  • The average score is 7 of 9

Answer Stats

SchoolTeam Name/Colors% Correct
FurmanPaladins
96%
The CitadelBulldogs
89%
VMIKeydets
89%
WoffordTerriers
89%
ChattanoogaMocs
85%
Western CarolinaCatamounts
85%
MercerBears
70%
East Tennessee StateBuccaneers
63%
SamfordBulldogs
48%

Score Distribution

Percentile by Number Answered

Percent of People with Each Score

Your Score History

You have not taken this quiz